LIBRARY & INFORMATION CENTRE, KCAET, TAVANUR

ONLINE PUBLIC ACCESS CATALOGUE (OPAC)

Elements of Agricultural engineering (Record no. 13590)

MARC details
000 -LEADER
fixed length control field 00338cam a2200145ua 4500
020 ## - INTERNATIONAL STANDARD BOOK NUMBER
ISBN 8180140442
082 ## - DEWEY DECIMAL CLASSIFICATION NUMBER
Classification number 630
Item number SAH/EL
100 ## - MAIN ENTRY--AUTHOR NAME
Personal name Sahay, Jagdishwar.
245 ## - TITLE STATEMENT
Title Elements of Agricultural engineering
250 ## - EDITION STATEMENT
Edition statement 4.
260 ## - PUBLICATION, DISTRIBUTION, ETC. (IMPRINT)
Place of publication New Delhi
Name of publisher Standard Book House
Year of publication 2010
300 ## - PHYSICAL DESCRIPTION
Number of Pages 460.
650 ## - SUBJECT ADDED ENTRY--TOPICAL TERM
Topical Term Agriculture
942 ## - ADDED ENTRY ELEMENTS (KOHA)
Koha item type Books
Holdings
Withdrawn status Lost status Damaged status Collection code Home library Current library Shelving location Date acquired Cost, normal purchase price Full call number Accession Number Koha item type
      Non-fiction KAUAET KAUAET General Stacks 31/03/2012 150.00 630 JAG/EL 23193 Books
      Non-fiction KAUAET KAUAET General Stacks 31/03/2012 150.00 630 JAG/EL 23194 Books
      Non-fiction KAUAET KAUAET General Stacks 31/03/2012 150.00 630 JAG/EL 23195 Books
      Non-fiction KAUAET KAUAET General Stacks 31/03/2012 150.00 630 JAG/EL 23196 Books
      Non-fiction KAUAET KAUAET General Stacks 31/03/2012 150.00 630 JAG/EL 23197 Books
      Non-fiction KAUAET KAUAET General Stacks 31/03/2012 150.00 630 JAG/EL 23198 Books
      Non-fiction KAUAET KAUAET General Stacks 31/03/2012 150.00 630 JAG/EL 23199 Books
      Non-fiction KAUAET KAUAET General Stacks 31/03/2012 150.00 630 JAG/EL 23200 Books
      Non-fiction KAUAET KAUAET General Stacks 31/03/2012 150.00 630 JAG/EL 23201 Books
      Non-fiction KAUAET KAUAET General Stacks 31/03/2012 150.00 630 JAG/EL 23202 Books
      Non-fiction KAUAET KAUAET General Stacks 31/03/2012 150.00 630 JAG/EL 23203 Books
      Non-fiction KAUAET KAUAET General Stacks 31/03/2012 150.00 630 JAG/EL 23204 Books
      Non-fiction KAUAET KAUAET General Stacks 31/03/2012 150.00 630 JAG/EL 23205 Books
      Non-fiction KAUAET KAUAET General Stacks 31/03/2012 150.00 630 JAG/EL 23206 Books
      Non-fiction KAUAET KAUAET General Stacks 31/03/2012 150.00 630 JAG/EL 23207 Books
      Non-fiction KAUAET KAUAET General Stacks 31/03/2012 150.00 630 JAG/EL 23208 Books
      Non-fiction KAUAET KAUAET General Stacks 31/03/2012 150.00 630 JAG/EL 23209 Books
      Non-fiction KAUAET KAUAET General Stacks 31/03/2012 150.00 630 JAG/EL 23210 Books
      Non-fiction KAUAET KAUAET General Stacks 31/03/2012 150.00 630 JAG/EL 23211 Books
      Non-fiction KAUAET KAUAET General Stacks 31/03/2012 150.00 630 JAG/EL 23212 Books
      Non-fiction KAUAET KAUAET General Stacks 05/10/2012   630 JAG/EL 15271 Books
free website counter